| 000 | 00787cab a2200265 4500 | ||
|---|---|---|---|
| 001 | WB2930-33 | ||
| 008 | 090401t1993 xxu||||| |||| 00| 0 eng d | ||
| 035 | _a(Sirsi) u89456 | ||
| 041 | _aeng | ||
| 245 | _aRICS `Spare Space project` welcomed | ||
| 260 | _c1993 | ||
| 350 | _a0 | ||
| 490 |
_aDoE News Release _v(525) 28 July 1993 (2) |
||
| 520 | _aThe Housing Minister backs the RICS `Spare Space` project which helps bring empty space over commercial buildings back into residential use. | ||
| 650 | _aEMPTY BUILDINGS | ||
| 650 | _aFLATS OVER SHOPS INITIATIVE | ||
| 650 | _aLIVING OVER THE SHOP | ||
| 650 | _aPRIVATE RENTED SECTOR | ||
| 650 | _aRESIDENTIAL USE | ||
| 650 | _aRICS | ||
| 650 | _aSPARE SPACE | ||
| 690 | _aHOUSING | ||
| 942 | _n0 | ||
| 948 | _c04/03/1997 | ||
| 999 |
_c56596 _d56596 |
||